00399nam a22001577a 450000500170000001000120001702000150002903500120004403700320005608200110008810000180009924500370011726000490015430000220020371000160022520210227120452.0 aB-58610 a8185989745 aB-58610 bGalgotia Publishing Company a657.42 aMittal, D. K. aCost Accounting /cMittal, D. K. aNew DelhibGalgotia Publishing Companyc2001 a1330p.c23cm (HB) aMittal, Luv